| 000 | 00330nam a2200109Ia 4500 | ||
|---|---|---|---|
| 008 | 171211s9999 xx 000 0 und d | ||
| 245 | 4 | _aThe Essence Of Hakkoryu Jujutsu: Techniques Of Sandan Gi | |
| 245 | _cDennis G. Palumbo | ||
| 260 | _c1993 | ||
| 650 | _xMartial Arts | ||
| 856 | _uhttp://down.ebook777.com/053/9780873648608.pdf | ||
| 999 |
_c348261 _d348261 |
||